000 00342nam a2200133Ia 4500
005 20260328104315.0
008 260328s9999||||xx |||||||||||||| ||und||
100 _aVenice Biennale
245 0 _aArchitecture 1980 the Presence of the past /
_cVenice Biennale
260 _bRizzoli
300 _a350 p.
650 _aARQUITECTURA
942 _cBK
999 _c11115
_d11115